| 000 | 00360nam a2200157Ia 4500 | ||
|---|---|---|---|
| 008 | 210210b1947 xxu||||| |||| 00| 0 eng d | ||
| 041 | _aeng | ||
| 082 | _a331/200 | ||
| 100 | _aSAYERS (R S) | ||
| 245 | _aModern banking | ||
| 260 |
_aOxford _bAt the Clarendon Press _c1947 |
||
| 650 | _aModern | ||
| 650 | _abanking | ||
| 690 | _aBanking | ||
| 906 | _a004102 | ||
| 999 |
_c122938 _d122938 |
||